01353nam a2200325Ia 4500001001200000003000800012006001900020007001500039008004100054020001800095020001500113040002100128035002100149050002400170100001700194245009800211260009100309300002200400490003600422504006600458533015200524650004600676650005200722650002700774655002900801710001700830830003700847856012600884999001701010ebr10274052CaPaEBRm u cr cn|||||||||090314r20082006enka sb 001 0 eng d z9780335223589 z0335223583 aCaPaEBRcCaPaEBR a(OCoLC)31752229714aLB1028b.S55 2008eb1 aSmith, Emma.10aUsing secondary data in educational and social researchh[electronic resource] /cEmma Smith. aMaidenhead, England :bOpen University Press ;aNew York :bMcGraw-Hill,cc2008, 2006. ax, 249 p. :bill.1 aConducting educational research aIncludes bibliographical references (p. [232]-246) and index. aElectronic reproduction.bPalo Alto, Calif. :cebrary,d2011.nAvailable via World Wide Web.nAccess may be limited to ebrary affiliated libraries. 0aEducationxResearchxStatistical methods. 0aSocial sciencesxResearchxStatistical methods. 0aResearchxMethodology. 7aElectronic books.2local2 aebrary, Inc. 0aConducting educational research.40uhttp://site.ebrary.com/lib/rucke/Doc?id=10274052zAn electronic book accessible through the World Wide Web; click to view c21292d21292